ბათუმის შოთა რუსთაველის სახელმწიფო უნივერსიტეტის ბიბლიოთეკა

სიშორით სიახლოვე. (ბიბ.ჩანაწერი № 41996)

000 -LEADER
fixed length control field 00819nam a2200253Ia 4500
001 - CONTROL NUMBER
control field 8682
003 - CONTROL NUMBER IDENTIFIER
control field GE_BSU
008 - FIXED-LENGTH DATA ELEMENTS--GENERAL INFORMATION
fixed length control field 181216s||||||||xx |||||||||||||| ||und||
020 ## - INTERNATIONAL STANDARD BOOK NUMBER
International Standard Book Number 9789994069132
040 ## - CATALOGING SOURCE
Transcribing agency GE_BSU
080 ## - UNIVERSAL DECIMAL CLASSIFICATION NUMBER
Universal Decimal Classification number 821.353.1-1
100 ## - MAIN ENTRY--PERSONAL NAME
Personal name იოსელიანი,ოტია.
245 ## - TITLE STATEMENT
Title სიშორით სიახლოვე.
245 ## - TITLE STATEMENT
Remainder of title ლექსები.
245 ## - TITLE STATEMENT
Statement of responsibility, etc. რედ:ბესიკ ხარნაული;გარეკანის მხატვ:ნინო გზირიშვილი.
260 ## - PUBLICATION, DISTRIBUTION, ETC.
Place of publication, distribution, etc. თბილისი.
260 ## - PUBLICATION, DISTRIBUTION, ETC.
Name of publisher, distributor, etc. ტრიასი.
260 ## - PUBLICATION, DISTRIBUTION, ETC.
Date of publication, distribution, etc. 2007.
300 ## - PHYSICAL DESCRIPTION
Extent 168გვ;18სმ.
653 ## - INDEX TERM--UNCONTROLLED
Uncontrolled term ლექსები.
653 ## - INDEX TERM--UNCONTROLLED
Uncontrolled term სიშორით სიახლოვე.
942 ## - ADDED ENTRY ELEMENTS (KOHA)
Koha item type წიგნი
ეგზემპლარები
Withdrawn status Lost status Damaged status Not for loan Date acquired Barcode Date last seen Price effective from Koha item type
        2018-12-17 31084 2018-12-17 2018-12-17 წიგნი